Chinese Folk Arts and Crafts (Record no. 478695)
[ view plain ]
| 000 -LEADER | |
|---|---|
| fixed length control field | 00423nam a22001577a 4500 |
| 003 - CONTROL NUMBER IDENTIFIER | |
| control field | NUST |
| 005 - DATE AND TIME OF LATEST TRANSACTION | |
| control field | 20180709062135.0 |
| 008 - FIXED-LENGTH DATA ELEMENTS--GENERAL INFORMATION | |
| fixed length control field | 180709b ||||| |||| 00| 0 eng d |
| 038 ## - RECORD CONTENT LICENSOR | |
| Staff Name | 0 |
| 040 ## - CATALOGING SOURCE | |
| Original cataloging agency | 0 |
| 082 ## - DEWEY DECIMAL CLASSIFICATION NUMBER | |
| Classification number | 951 |
| 100 ## - MAIN ENTRY--PERSONAL NAME | |
| Relator code | Ministry of Culture of the People's Republic of China |
| 245 ## - TITLE STATEMENT | |
| Title | Chinese Folk Arts and Crafts |
| 260 ## - PUBLICATION, DISTRIBUTION, ETC. | |
| Name of publisher, distributor, etc. | Ministry of Culture of the People's Republic of China |
| 942 ## - ADDED ENTRY ELEMENTS (KOHA) | |
| Source of classification or shelving scheme | |
| Koha item type | CD,DVDs |
| Withdrawn status | Lost status | Source of classification or shelving scheme | Damaged status | Not for loan | Collection code | Permanent Location | Current Location | Shelving location | Date acquired | Total Checkouts | Full call number | Barcode | Date last seen | Price effective from | Koha item type |
|---|---|---|---|---|---|---|---|---|---|---|---|---|---|---|---|
| Central Library (CL) | Central Library (CL) | Reference | 07/09/2018 | 951 CHI | S3H-D-53 | 07/09/2018 | 07/09/2018 | CD,DVDs |
